000 00416nam a22001457a 4500
003 OSt
005 20211118103021.0
008 211118b ||||| |||| 00| 0 eng d
040 _cAIMIT LIBRARY
100 _aGouda, Sowmya S; B L, Srinivas.
_d191838
_910597
245 _aServeEaz.
260 _aAimitzinfy Private Limited, Mangalore.
_bSrinivas B L.
_c2021
856 _uwww.marblecraftdubai.com
942 _2ddc
_cPRO
999 _c220667
_d220667